Nezamestnanosť mladých ľudí v Slovenskej republike a Európskej únii v kontexte fungovania vzdelávacieho systému diplomová práca

Saved in:
Bibliographic Details
Main Author: Grobárová, Daniela
Corporate Author: Národohospodárska fakulta EU. Katedra ekonómie
Other Authors: Martincová, Marta, 1955-
Format: Book
Language:Slovak
Published: Bratislava 2015
Tags: Add Tag
No Tags, Be the first to tag this record!

MARC

LEADER 00000nbm a2200000 4500
001 0201092
005 20161212095501.1
041 0 |a slo 
044 |a SK 
245 1 0 |a Nezamestnanosť mladých ľudí v Slovenskej republike a Európskej únii v kontexte fungovania vzdelávacieho systému  |b diplomová práca  |c Daniela Grobárová ; školiteľ: Marta Martincová 
264 1 |a Bratislava  |c 2015 
300 |a 71 s. 
100 1 |a Grobárová, Daniela 
700 1 |a Martincová, Marta, 1955- 
710 2 |a Národohospodárska fakulta EU. Katedra ekonómie